Fußball WM Gastgeberland? #7 - Statistiken

Allgemein
  • Dieses Quiz wurde 190 mal gespielt
  • Das Durchschnittsergebnis liegt bei 8 aus 8
Antwortstatistiken
Hint Antwort % Korrekt
Brasilien Ja
99%
Italien Ja
99%
England Ja
98%
Nigeria Nein
96%
Costa Rica Nein
95%
Peru Nein
92%
Serbien Nein
92%
Schottland Nein
88%
Keine übereinstimmenden Quizze gefunden
Verteilung der Resultate
Anzahl Personen mit jedem Resultat
Perzentil nach korrekt beantworteten Fragen
Ihre Resultats-Entwicklung
Sie haben dieses Quiz noch nicht gespielt